RICS Draft Professional Standard: Residential property valuation for owner occupation 1st edition (Record no. 122060)

MARC details
000 -LEADER
fixed length control field 01703nam a22002297a 4500
008 - FIXED-LENGTH DATA ELEMENTS--GENERAL INFORMATION
fixed length control field 241125t2024 xxk|||||o|||| 00| 0 eng d
041 ## - LANGUAGE CODE
Language code of text/sound track or separate title eng
110 ## - MAIN ENTRY--CORPORATE NAME
Corporate author Royal Institution of Chartered Surveyors
245 ## - TITLE STATEMENT
Title RICS Draft Professional Standard: Residential property valuation for owner occupation 1st edition
Subtitle a consultation
Medium [Electronic resource]
260 ## - PUBLICATION INFORMATION
Place of publication London,
Publisher Royal Institution of Chartered Surveyors,
Date 22 November 2024
300 ## - PHYSICAL DESCRIPTION
Physical description 45p.
490 ## - SERIES TITLE
Series statement RICS Consultation
520 ## - ABSTRACT
Abstract This is a new professional standard, building on the updated Red Book UK National Supplement UK VPGA 11 residential valuation section (published September 2023) – with further support on areas such as valuation inspections, valuation advice without an internal inspection, investigations and factors with a material impact on value.<br/>There is new proposed content in relation to Prime and Super prime residential individual property valuation, Self-build and individual Custom-build of a single dwelling and Opinion of Estimated Value Subject to a Restricted Marketing Period<br/><br/><br/>Consultation opened 22 November 2024 closes 3 January 2025. <br/>
650 ## - KEYWORDS
Keywords RESIDENTIAL PROPERTY
650 ## - KEYWORDS
Keywords VALUATION
651 ## - SUBJECT ADDED ENTRY--GEOGRAPHIC NAME
Geographic name United Kingdom
690 ## - BROAD SUBJECT
Broad subject Valuation
9 (RLIN) 6273
710 ## - ADDED CORPORATE NAME
Added corporate author Royal Institution of Chartered Surveyors
856 ## - ONLINE RESOURCE
Uniform Resource Identifier <a href="https://consultations.rics.org/gf2.ti/f/1595746/229510725.1/PDF/-/Residential%20property%20valuation%20for%20owner%20occupation_clean%20for%20consultation.pdf">https://consultations.rics.org/gf2.ti/f/1595746/229510725.1/PDF/-/Residential%20property%20valuation%20for%20owner%20occupation_clean%20for%20consultation.pdf</a>
Public note View the consultation document on RICS.org
856 ## - ONLINE RESOURCE
Uniform Resource Identifier <a href="https://consultations.rics.org/resipropertyvalsuk/consultationHome">https://consultations.rics.org/resipropertyvalsuk/consultationHome</a>
Public note View the RICS iConsult homepage on residential valuation
942 ## - ADDED ENTRY ELEMENTS (KOHA)
Suppress in OPAC Do not suppress in OPAC
Holdings
Lost status Damaged status Not for loan Current library Shelving location Date acquired Total Checkouts Full call number Date last seen Price effective from Koha item type
      Virtual Online 25/11/2024   RICS iConsult 25/11/2024 25/11/2024 Online material